Library of the University of Algiers 3
Ibrahim Sultan Cheibout
شعار جامعة الجزائر 3
مكتبة جامعة الجزائر 3
إبراهيم سلطان شيبوط

الوسيط في شرح جرائم البلطجة : (رقم التسجيلة. 45235)

تفاصيل مارك
000 -LEADER
fixed length control field 01565nam a2200241Ia 4500
003 - CONTROL NUMBER IDENTIFIER
control field Ost
005 - DATE AND TIME OF LATEST TRANSACTION
control field 20260507075632.0
008 - FIXED-LENGTH DATA ELEMENTS--GENERAL INFORMATION
fixed length control field 260507s9999||||xx |||||||||||||| ||und||
020 ## - INTERNATIONAL STANDARD BOOK NUMBER
International Standard Book Number x244804977
040 ## - CATALOGING SOURCE
Transcribing agency fsecg
041 ## - LANGUAGE CODE
Language code of text/sound track or separate title ara
082 ## - DEWEY DECIMAL CLASSIFICATION NUMBER
Classification number 345.03
100 ## - MAIN ENTRY--PERSONAL NAME
Personal name العادلي، محمود صالح
Relator term مؤلف
245 #0 - TITLE STATEMENT
Title الوسيط في شرح جرائم البلطجة :
Remainder of title طبقا للقانون رقم 02 لسنة 1998 في ضوء أراء الفقها وأحكام القضاء /
Statement of responsibility, etc. محمود صالح العادلي
260 ## - PUBLICATION, DISTRIBUTION, ETC.
Place of publication, distribution, etc. الاسكندرية:
Name of publisher, distributor, etc. دار الجامعة الجديدة,
Date of publication, distribution, etc. 2000
300 ## - PHYSICAL DESCRIPTION
Extent 166 صفحة؛
Dimensions 24 سم
504 ## - BIBLIOGRAPHY, ETC. NOTE
Bibliography, etc. note المراجع ص.161
520 ## - SUMMARY, ETC.
Summary, etc. في هذا الكتاب : البلطجة ،الركن المادي ،صور البلطجة ،القوة والعنف ،التعرف، التهديد ، النتيجة الإجرامة ، النتائج المدية ، النتائج المعنوية ، رابطة البنية ،الركن المعنوي والعقوبة ،الأحكام العامة للقصد الجنائي ، جرائم البطجة المشددة ، جنح البلطجة المشددة ،الظروف المتعلقة بالجاني والمجني عليه ، تعدد الجناة ،الإرتباط وتعدد الجناة ،إرتباط البلطجة بجريمة الإيذاء والقتل العمدي
653 ## - INDEX TERM--UNCONTROLLED
Uncontrolled term الجريمة والمجرمون-مصر
653 ## - INDEX TERM--UNCONTROLLED
Uncontrolled term القانون الجنائي
653 ## - INDEX TERM--UNCONTROLLED
Uncontrolled term قوانين وتشريعات
942 ## - ADDED ENTRY ELEMENTS (KOHA)
Koha item type كتب
المقتنيات
Withdrawn status Lost status Source of classification or shelving scheme Damaged status Not for loan Home library Current library Date acquired Serial enumeration / chronology Inventory number Total checkouts Full call number Barcode Date last seen Price effective from Koha item type
    Dewey Decimal Classification   NOT LOAN / إعارة داخلية مكتبة كلية العلوم الإقتصادية والعلوم التجارية وعلوم التسيير مكتبة كلية العلوم الإقتصادية والعلوم التجارية وعلوم التسيير 07/05/2026 الطابق الأرضي 746/1   أ/746ن1 746/1 07/05/2026 07/05/2026 كتب

موارد الويب المفتوحة


© University of Algiers 3 All Rights Reserved
|
Implemented by LECHELAH Riad